<?xml version="1.0" encoding="UTF-8"?>
<collection xmlns:xsi="http://www.w3.org/2001/XMLSchema-instance" xsi:schemaLocation="http://www.loc.gov/MARC21/slim http://www.loc.gov/standards/marcxml/schema/MARC21slim.xsd" xmlns="http://www.loc.gov/MARC21/slim">
 <record>
  <leader>00000cam a22000004a 4500</leader>
  <controlfield tag="001">UP-1685594773861218123</controlfield>
  <controlfield tag="003">Buklod</controlfield>
  <controlfield tag="005">20240412113529.0</controlfield>
  <controlfield tag="006">m    |o  d |      </controlfield>
  <controlfield tag="007">ta</controlfield>
  <controlfield tag="008">240412s1991    caua    rb   |||| u|eng d</controlfield>
  <datafield tag="020" ind1=" " ind2=" ">
   <subfield code="a">0803941048 (pbk.)</subfield>
  </datafield>
  <datafield tag="035" ind1=" " ind2=" ">
   <subfield code="a">(iLib)UPBAG-00000010446</subfield>
  </datafield>
  <datafield tag="040" ind1=" " ind2=" ">
   <subfield code="d">BAG</subfield>
   <subfield code="e">rda</subfield>
  </datafield>
  <datafield tag="041" ind1="0" ind2=" ">
   <subfield code="a">eng</subfield>
  </datafield>
  <datafield tag="090" ind1=" " ind2=" ">
   <subfield code="a">HM 24</subfield>
   <subfield code="b">M24</subfield>
  </datafield>
  <datafield tag="245" ind1="0" ind2="0">
   <subfield code="a">Macro-micro linkages in sociology</subfield>
   <subfield code="c">Joan Huber, editor.</subfield>
  </datafield>
  <datafield tag="264" ind1=" " ind2="1">
   <subfield code="a">Newbury Park, California</subfield>
   <subfield code="b">Sage</subfield>
   <subfield code="c">c1991.</subfield>
  </datafield>
  <datafield tag="300" ind1=" " ind2=" ">
   <subfield code="a">298 pages</subfield>
   <subfield code="b">illustrations</subfield>
   <subfield code="c">23 cm</subfield>
  </datafield>
  <datafield tag="336" ind1=" " ind2=" ">
   <subfield code="a">text</subfield>
   <subfield code="2">rdacontent</subfield>
  </datafield>
  <datafield tag="337" ind1=" " ind2=" ">
   <subfield code="a">unmediated</subfield>
   <subfield code="2">rdamedia</subfield>
  </datafield>
  <datafield tag="338" ind1=" " ind2=" ">
   <subfield code="a">volume</subfield>
   <subfield code="2">rdacarrier</subfield>
  </datafield>
  <datafield tag="490" ind1="0" ind2=" ">
   <subfield code="a">American Sociological Association presidential series.</subfield>
  </datafield>
  <datafield tag="504" ind1=" " ind2=" ">
   <subfield code="a">Includes bibliographical references and index.</subfield>
  </datafield>
  <datafield tag="505" ind1="0" ind2=" ">
   <subfield code="a">Macro-micro links in gender stratification / Joan Huber -- Metatheoretical issues: The microfoundations of social structure: an exchange perspective / Karen S. Cook. From exchange to structure / Michael Hechter. The problem of identity in collective action / Craig Calhoun. The micro-macro dilemma in organizational research: implications of role-system theory / Paul DiMaggio. The truly disadvantaged: a synopsis / William Julius Wilson. Levels in the logic of macro-historical explanation / Morris Zelditch, Jr. -- Perspectives on gender stratification: Historical change and the ritual production of gender / Randall Collins. Women and the wealth and well-being of nations: macro-micro interrelationships / Rae Lesser Blumberg. Parenthood, work, and women / Samuel H. Preston Perspectives on social issues: Creating inequality in the schools: a structural perspective / Alan C. Kerckhoff. Labor markets as queues: a structural approach to changing occupational sex composition / Barbara F. Reskin. The two faces of divorce: women's and children's interests / Sara S. McLanahan. Mountains or molehills: just what's so bad about aging societies anyway? / Timothy M. Smeeding -- Demographic perspectives: Multilevel analysis in the study of social institutions and demographic change / Karen Oppenheim Mason. Problems in quantitative comparative analysis: ugly ducklings are to swans as ugly scatter plots are to ...? / William M. Mason. Poor people and poor places: deciphering neighborhood effects on poverty outcomes / Marta Tienda. Markets, states, nations, and bedrooms in western Europe, 1870-1960 / Susan Cott Watkins. Micro-macro theoretical linkages in social demography: a commentary / Barbara Entwisle</subfield>
  </datafield>
  <datafield tag="650" ind1=" " ind2="0">
   <subfield code="a">Macrosociology.</subfield>
  </datafield>
  <datafield tag="650" ind1=" " ind2="0">
   <subfield code="a">Microsociology.</subfield>
  </datafield>
  <datafield tag="650" ind1=" " ind2="0">
   <subfield code="a">Sociology</subfield>
   <subfield code="z">United States.</subfield>
  </datafield>
  <datafield tag="700" ind1="1" ind2=" ">
   <subfield code="a">Huber, Joan</subfield>
   <subfield code="d">1925-</subfield>
   <subfield code="e">editor.</subfield>
  </datafield>
  <datafield tag="905" ind1=" " ind2=" ">
   <subfield code="a">FO</subfield>
  </datafield>
  <datafield tag="852" ind1="0" ind2=" ">
   <subfield code="a">UPBAG</subfield>
   <subfield code="b">UPBAG-MAIN</subfield>
   <subfield code="h">HM 24 M24</subfield>
  </datafield>
  <datafield tag="942" ind1=" " ind2=" ">
   <subfield code="a">Book</subfield>
  </datafield>
 </record>
</collection>
